[Event "Budapest Gyorgy Memorial 2nd"]
[Site "Budapest"]
[Date "2017.10.15"]
[Round "6.1"]
[White "Adamczyk, Zuzanna"]
[Black "Ponomarev, Denis"]
[Result "1/2-1/2"]
[WhiteElo "1737"]
[BlackElo "1811"]
[PlyCount "123"]
[EventDate "2017.10.12"]
[EventType "swiss"]
[EventRounds "7"]
[EventCountry "HUN"]
[SourceTitle "EXT 2019"]
[Source "ChessBase"]
[SourceDate "2018.10.10"]
[SourceVersion "1"]
[SourceVersionDate "2018.10.10"]
[SourceQuality "1"]

1. e4 c5 2. Nf3 e6 3. d4 cxd4 4. Nxd4 Nc6 5. Nc3 Qc7 6. Be2 a6 7. 0-0 Nf6 8. Be3 Bb4 9. Na4 Nxe4 10. Nxc6 Qxc6 11. Nb6 Rb8 12. Qd4 Bc5 13. Qxg7 Rf8 14. Bxc5 Qxc5 15. Nxc8 Rxc8 16. Bd3 Nd6 17. Bxh7 Ke7 18. Qg3 Rh8 19. Bd3 Rcg8 20. Qf3 Qe5 21. g3 Qg5 22. Kg2 f5 23. h3 e5 24. Qe2 e4 25. Rad1 Rg6 26. c4 Kd8 27. Bc2 f4 28. Qd2 f3+ 29. Kg1 Qxd2 30. Rxd2 Rxh3 31. Rxd6 Rxd6 32. Bxe4 Rd4 33. Bxf3 Rxc4 34. Bxb7 a5 35. Kg2 Rh8 36. Bf3 Rc2 37. Rb1 Ke7 38. g4 Rb8 39. Re1+ Kf6 40. b3 Rxa2 41. Rd1 Ke7 42. Bd5 Rf8 43. Bf3 Rb2 44. Rd3 Rc8 45. Bd1 Rc1 46. Kf3 Rxd1 47. Rxd1 Rxb3+ 48. Kf4 Rb6 49. Ra1 Ra6 50. Ra4 Kf6 51. g5+ Kg6 52. Kg4 d5 53. f4 d4 54. Rxd4 a4 55. f5+ Kf7 56. Rd7+ Ke8 57. Rd2 a3 58. Ra2 Kf7 59. Kf4 Ra5 60. Ke4 Ke7 61. Kd4 Rxf5 62. Rxa3 1/2-1/2

[Event "Budapest Gyorgy Memorial 2nd"]
[Site "Budapest"]
[Date "2017.10.14"]
[Round "5.1"]
[White "Ponomarev, Denis"]
[Black "Bilic, Marijana"]
[Result "1-0"]
[WhiteElo "1811"]
[BlackElo "1619"]
[PlyCount "39"]
[EventDate "2017.10.12"]
[EventType "swiss"]
[EventRounds "7"]
[EventCountry "HUN"]
[SourceTitle "EXT 2019"]
[Source "ChessBase"]
[SourceDate "2018.10.10"]
[SourceVersion "1"]
[SourceVersionDate "2018.10.10"]
[SourceQuality "1"]

1. e4 c5 2. Nf3 e6 3. d4 cxd4 4. Nxd4 a6 5. Nc3 Ne7 6. Be2 Nbc6 7. 0-0 Nxd4 8. Qxd4 Nc6 9. Qe3 Be7 10. Qg3 0-0 11. Kh1 Kh8 12. f4 b5 13. Be3 Qc7 14. Rad1 Bb7 15. e5 Nb4 16. f5 exf5 17. Rxf5 Rac8 18. Qh3 g6 19. Rff1 Qxe5 20. Bd4 1-0

[Event "Budapest Gyorgy Memorial 2nd"]
[Site "Budapest"]
[Date "2017.10.13"]
[Round "2.1"]
[White "Cimpean, Andra"]
[Black "Ponomarev, Denis"]
[Result "1-0"]
[WhiteElo "1899"]
[BlackElo "1811"]
[PlyCount "91"]
[EventDate "2017.10.12"]
[EventType "swiss"]
[EventRounds "7"]
[EventCountry "HUN"]
[SourceTitle "EXT 2019"]
[Source "ChessBase"]
[SourceDate "2018.10.10"]
[SourceVersion "1"]
[SourceVersionDate "2018.10.10"]
[SourceQuality "1"]

1. e4 c5 2. c3 Nf6 3. e5 Nd5 4. d4 cxd4 5. Nf3 d6 6. cxd4 g6 7. Bc4 Nb6 8. Bb3 Bg7 9. 0-0 0-0 10. h3 Nc6 11. Bf4 Bf5 12. Nc3 dxe5 13. dxe5 Bd3 14. Re1 Nc4 15. Qc1 N4a5 16. Rd1 Nxb3 17. axb3 Qd7 18. Ne1 Nb4 19. Nxd3 Nxd3 20. Qe3 Rfd8 21. Rd2 Qf5 22. Rad1 Nxf4 23. Rxd8+ Rxd8 24. Rxd8+ Bf8 25. g4 Qg5 26. Nd5 Ne6 27. Qxg5 Nxg5 28. f4 Ne6 29. Rb8 Nc5 30. b4 Nd3 31. Rxb7 e6 32. Nf6+ Kg7 33. Ne8+ Kg8 34. Nd6 f6 35. Ne4 Bg7 36. Nxf6+ Bxf6 37. exf6 Nxf4 38. Rxa7 Nd5 39. f7+ Kf8 40. b5 e5 41. Rd7 Nb6 42. Rd6 Nc4 43. Rc6 Na5 44. b4 Nb7 45. Rc7 Nd6 46. b6 1-0

[Event "Feffernitz op 26th"]
[Site "Feffernitz"]
[Date "2017.08.27"]
[Round "9"]
[White "Raschun, Gerhard"]
[Black "Ponomarev, Denis"]
[Result "0-1"]
[WhiteElo "1887"]
[BlackElo "1789"]
[PlyCount "52"]
[EventDate "2017.08.20"]
[EventType "swiss"]
[EventRounds "9"]
[EventCountry "AUT"]
[SourceTitle "CBM 180 Extra"]
[Source "ChessBase"]
[SourceDate "2017.10.06"]
[SourceVersion "1"]
[SourceVersionDate "2017.10.06"]
[SourceQuality "1"]

1. e4 d6 2. Nf3 Nf6 3. Nc3 g6 4. d4 Bg7 5. h3 0-0 6. Be3 c6 7. Qd2 b5 8. a3 a5 9. Bd3 Bb7 10. 0-0 b4 11. axb4 axb4 12. Ne2 Na6 13. c3 c5 14. Ng3 Qd7 15. e5 Nd5 16. Bh6 bxc3 17. bxc3 cxd4 18. cxd4 Nab4 19. Bxg7 Kxg7 20. Nf5+ gxf5 21. Qg5+ Kh8 22. Bxf5 e6 23. Bxh7 f6 24. exf6 Qxh7 25. Qd2 Rxf6 26. Rab1 Rxf3 0-1

[Event "Feffernitz op 26th"]
[Site "Feffernitz"]
[Date "2017.08.25"]
[Round "7"]
[White "Keck, Ingolf"]
[Black "Ponomarev, Denis"]
[Result "0-1"]
[WhiteElo "2064"]
[BlackElo "1789"]
[PlyCount "110"]
[EventDate "2017.08.20"]
[EventType "swiss"]
[EventRounds "9"]
[EventCountry "AUT"]
[SourceTitle "CBM 180 Extra"]
[Source "ChessBase"]
[SourceDate "2017.10.06"]
[SourceVersion "1"]
[SourceVersionDate "2017.10.06"]
[SourceQuality "1"]

1. d4 Nf6 2. Bf4 g6 3. e3 Bg7 4. Nd2 b6 5. Ngf3 Bb7 6. Bd3 d6 7. h3 Nbd7 8. e4 0-0 9. 0-0 c5 10. c3 Rc8 11. d5 c4 12. Bxc4 Nxe4 13. Bd3 Nxd2 14. Qxd2 Nc5 15. Bc2 Qd7 16. Rfe1 Rfe8 17. Bg5 e5 18. dxe6 Nxe6 19. Be3 Qb5 20. Bd3 Qc6 21. Rec1 Nc5 22. Bf1 Ne4 23. Qd3 d5 24. Nd4 Qd6 25. a4 Nc5 26. Qe2 Bh6 27. Qf3 Bxe3 28. fxe3 Qe5 29. Re1 Ne4 30. Qf4 Nd2 31. Bd3 Nc4 32. Bxc4 dxc4 33. Qxe5 Rxe5 34. Nf3 Bxf3 35. gxf3 Rd8 36. Re2 Red5 37. Kf2 Rd1 38. Rxd1 Rxd1 39. Re1 Rxe1 40. Kxe1 Kg7 41. e4 Kf6 42. Kf2 Ke5 43. h4 Kf4 44. Ke2 h5 45. Kf2 a6 46. Ke2 Kg3 47. Ke3 Kxh4 48. Kf4 g5+ 49. Kf5 g4 50. fxg4 hxg4 51. Kf6 g3 52. Kxf7 g2 53. e5 g1Q 54. e6 Qf1+ 55. Kg8 Qf6 0-1

[Event "North American-ch U08"]
[Site "Montreal"]
[Date "2010.08.17"]
[Round "3"]
[White "Ponomarev, Denis"]
[Black "Xi, Michael"]
[Result "1-0"]
[WhiteElo "628"]
[BlackElo "662"]
[PlyCount "49"]
[EventDate "2010.08.16"]
[EventType "swiss"]
[EventRounds "7"]
[EventCountry "CAN"]
[SourceTitle "EXT 2013"]
[Source "ChessBase"]
[SourceDate "2012.11.22"]
[SourceVersion "1"]
[SourceVersionDate "2012.11.22"]
[SourceQuality "1"]

1. e4 e5 2. Nf3 d6 3. Nc3 Be7 4. Bc4 Nf6 5. Bd5 Be6 6. Bxb7 Nbd7 7. Bxa8 Qxa8 8. Qe2 Qd8 9. 0-0 0-0 10. Na4 Nc5 11. b3 Nxa4 12. bxa4 Qd7 13. h3 h6 14. Ba3 d5 15. exd5 Bxd5 16. Nxe5 Qxa4 17. Bxe7 Re8 18. Bxf6 Bc4 19. Qe4 gxf6 20. Qg4+ Kh8 21. Nxf7+ Kh7 22. d3 Bxf7 23. Qxa4 Ra8 24. Qe4+ Bg6 25. Qxa8 1-0